Statistics for BTS members

Click here to take the quiz!

General Stats

  • This quiz has been taken 771 times
  • The average score is 7 of 7

Answer Stats

Answer % Correct
Jimin
100%
V
100%
Jin
99%
Suga
99%
J Hope
99%
Jungkook
99%
Rap Mon
98%

Score Distribution

Percentile by Number Answered

Percent of People with Each Score

Your Score History

You have not taken this quiz